[Event "42nd Olympiad 2016"]
[Site "Baku AZE"]
[Date "2016.09.09"]
[Round "7.30"]
[Board "1"]
[White "Karttunen, Mika"]
[Black "Lee, Jun Hyeok"]
[Result "0-1"]
[WhiteTitle "IM"]
[BlackTitle "FM"]
[WhiteElo "2458"]
[BlackElo "2238"]
[WhiteTeam "Finland"]
[BlackTeam "South Korea"]
[WhiteFideId "502081"]
[BlackFideId "13202340"]
[EventDate "2016.09.02"]

1. d4 Nf6 2. c4 g6 3. Nc3 Bg7 4. e4 d6 5. Nge2 a6 6. Ng3 Nbd7 7. Be2 c5 8. d5 b5
9. cxb5 axb5 10. Bxb5 Ba6 11. Bxa6 Rxa6 12. Qe2 Ra8 13. O-O O-O 14. Bd2 Qb6 15.
Nb5 Rfb8 16. a4 Ne8 17. Bg5 Kf8 18. e5 dxe5 19. Ne4 h6 20. Be3 Nd6 21. Nec3 Nf5
22. Qc4 Rc8 23. Bd2 Nd4 24. Rae1 f5 25. b3 Qf6 26. Rb1 e4 27. Rfd1 Qh4 28. Qf1
Ne5 29. h3 Nd3 30. Be3 Nxb5 31. Nxb5 c4 32. bxc4 Rxc4 33. d6 Rcxa4 34. Nc7 exd6
35. Nxa8 Rxa8 36. f3 Qg3 37. Rxd3 exd3 38. Qxd3 Qe5 39. f4 Qe7 40. Rb6 d5 41.
Rxg6 Qe4 42. Qb3 Re8 43. Rg3 Kg8 44. Bc5 Kh8 45. Qb7 Rg8 46. Kh2 Qxf4 47. Qxd5
Qe5 48. Qd6 Bf6 49. Qxe5 Bxe5 50. Bf2 Bxg3+ 51. Bxg3 Kh7 52. Bf4 h5 53. Kg1 Ra8
54. Kf2 Ra3 55. Bd6 Rd3 56. Bf4 Kg6 57. Ke2 Rb3 58. Kf2 Kf6 59. h4 Ke6 60. g3
Kd5 61. Kg2 Ke4 62. Bd6 Rb2+ 63. Kh3 Kf3 64. Be5 Rb1 65. Kh2 Re1 66. Bc7 Kg4 67.
Kg2 Re2+ 68. Kf1 Kf3 69. Bf4 Rg2 70. Be5 Rxg3 0-1

[Event "42nd Olympiad 2016"]
[Site "Baku AZE"]
[Date "2016.09.09"]
[Round "7.30"]
[Board "2"]
[White "Kim, Inguh"]
[Black "Ebeling, Daniel"]
[Result "0-1"]
[WhiteTitle "CM"]
[BlackTitle "IM"]
[WhiteElo "1918"]
[BlackElo "2468"]
[WhiteTeam "South Korea"]
[BlackTeam "Finland"]
[WhiteFideId "13201204"]
[BlackFideId "505170"]
[EventDate "2016.09.02"]

1. e4 c5 2. Nf3 Nc6 3. d4 cxd4 4. Nxd4 Nf6 5. Nc3 e5 6. Ndb5 d6 7. Bg5 a6 8. Na3
b5 9. Bxf6 gxf6 10. Nd5 f5 11. Bd3 Be6 12. O-O Bxd5 13. exd5 Ne7 14. c3 Bg7 15.
Nc2 O-O 16. a4 e4 17. Be2 f4 18. axb5 axb5 19. Rxa8 Qxa8 20. Nb4 Qb7 21. Qd2 Be5
22. Qc2 f5 23. Ra1 Kh8 24. Qd1 Rg8 25. Kh1 f3 26. gxf3 Ng6 27. Nc6 Qg7 28. Ra7
Qh6 29. Nxe5 Nxe5 30. fxe4 fxe4 31. Ra1 Qg5 32. Qf1 Qf5 33. h3 Nf3 34. Bxf3 exf3
35. Ra5 Rg2 36. Ra8+ Kg7 37. Ra7+ Kg6 0-1

[Event "42nd Olympiad 2016"]
[Site "Baku AZE"]
[Date "2016.09.09"]
[Round "7.30"]
[Board "3"]
[White "Sipila, Vilka"]
[Black "Chon, Yongjoon"]
[Result "1/2-1/2"]
[WhiteTitle "IM"]
[WhiteElo "2447"]
[BlackElo "2025"]
[WhiteTeam "Finland"]
[BlackTeam "South Korea"]
[WhiteFideId "505455"]
[BlackFideId "13202820"]
[EventDate "2016.09.02"]

1. c4 Nf6 2. Nf3 g6 3. Nc3 Bg7 4. e4 d6 5. d4 O-O 6. Be2 e5 7. O-O Nc6 8. d5 Ne7
9. Ne1 Nd7 10. Be3 f5 11. f3 f4 12. Bf2 g5 13. Rc1 Rf6 14. Nd3 Rh6 15. c5 Nf6
16. cxd6 cxd6 17. Nb5 Qe8 18. Nxd6 Qh5 19. h4 gxh4 20. Rc7 h3 21. g4 fxg3 22.
Bxg3 h2+ 23. Kh1 Qg5 24. Qe1 Bh3 25. f4 exf4 26. Nxf4 Ne8 27. Nxh3 Rxh3 28. Bf4
Qg6 29. Rxe7 Bd4 30. Bxh2 Qxd6 31. Rg1+ Kh8 32. Rg3 Rxh2+ 33. Kxh2 Qxe7 34. Rf3
Nd6 35. Bd3 Qe5+ 36. Qg3 Rg8 37. Qxe5+ Bxe5+ 38. Kh3 Bxb2 39. Kh4 Be5 40. a4 Kg7
41. Rf1 Bf6+ 42. Kg4 Re8 43. Rc1 Rc8 44. Rg1 Rc3 45. Kf4+ Kf8 46. Be2 Nf7 47.
Bh5 Ke7 48. Bxf7 Kxf7 49. e5 Bh8 50. Rh1 Bg7 51. Rxh7 Kg6 52. Rh1 Rc4+ 53. Ke3
Bxe5 54. a5 Ra4 55. Rb1 Rxa5 56. Rxb7 Rxd5 57. Rxa7 Bd4+ 58. Ke4 Rd6 59. Ra8 Bg7
60. Ra5 Rd4+ 61. Ke3 Rb4 62. Kd3 Kf6 63. Ra7 Bf8 64. Ra6+ Ke5 65. Ra5+ Ke6 66.
Ra6+ Kd5 67. Ra8 Bd6 68. Rd8 Rb3+ 69. Kd2 Ke5 70. Re8+ Kf4 71. Kc2 Rh3 72. Ra8
Bc5 73. Re8 Bd4 74. Re2 Rc3+ 75. Kd1 Ra3 76. Kc2 Be3 77. Kb2 Rd3 78. Kc2 Ke4 79.
Rg2 Bf4 80. Re2+ Kd4 81. Rg2 Rf3 82. Kd1 Ra3 83. Ke2 Ke4 84. Kf2 Re3 85. Kf1 Ra3
86. Ke2 Ra1 87. Kf2 Ra8 88. Ke2 Rb8 89. Kf2 Be3+ 90. Ke2 Bf4 91. Kf2 Rb3 92. Ke2
Bg3 93. Kf1 Rf3+ 94. Ke2 Re3+ 95. Kd1 Be1 96. Re2 Rxe2 97. Kxe2 1/2-1/2

[Event "42nd Olympiad 2016"]
[Site "Baku AZE"]
[Date "2016.09.09"]
[Round "7.30"]
[Board "4"]
[White "Kwon, Sehyun"]
[Black "Luukkonen, Tommi"]
[Result "0-1"]
[BlackTitle "FM"]
[WhiteElo "2111"]
[BlackElo "2354"]
[WhiteTeam "South Korea"]
[BlackTeam "Finland"]
[WhiteFideId "13203088"]
[BlackFideId "501808"]
[EventDate "2016.09.02"]

1. e4 e5 2. Nf3 Nc6 3. Bb5 a6 4. Ba4 Nf6 5. d3 d6 6. c3 g6 7. O-O Bg7 8. Re1 O-O
9. h3 Nh5 10. d4 Bd7 11. Be3 Qe8 12. Bc2 Kh8 13. Nbd2 f5 14. exf5 gxf5 15. dxe5
dxe5 16. Bc5 Rg8 17. Nh4 Nf4 18. Qf3 Bf6 19. Be3 Bxh4 20. Bxf4 Qg6 21. Rxe5 Nxe5
22. Bxe5+ Bf6 23. Bg3 h5 24. h4 Rae8 25. Nc4 Qg4 26. Qxg4 Rxg4 27. Rd1 Rxc4 28.
Rxd7 Re1+ 29. Kh2 f4 30. Rh7+ Kg8 31. Rxh5 fxg3+ 32. Kxg3 Kf8 33. Bd3 Ra4 34. a3
Be5+ 35. f4 Bxf4+ 36. Kf2 Re5 37. Rh8+ Ke7 38. Rh7+ Kd6 39. Rf7 Bc1 40. b4 Rxa3 0-1

[Event "42nd Olympiad 2016"]
[Site "Baku AZE"]
[Date "2016.09.09"]
[Round "7.31"]
[Board "1"]
[White "Barros Rivadeneira, Cristhian"]
[Black "Makoto, Rodwell"]
[Result "1/2-1/2"]
[WhiteTitle "IM"]
[BlackTitle "IM"]
[WhiteElo "2351"]
[BlackElo "2405"]
[WhiteTeam "Ecuador"]
[BlackTeam "Zimbabwe"]
[WhiteFideId "3609677"]
[BlackFideId "11000120"]
[EventDate "2016.09.02"]

1. d4 Nf6 2. c4 e6 3. Nf3 d5 4. Nc3 Bb4 5. Bg5 O-O 6. e3 Nbd7 7. Bd3 c5 8. cxd5
exd5 9. O-O Qa5 10. dxc5 Bxc3 11. bxc3 Qxc5 12. Rc1 Ne4 13. c4 Nb6 14. Bf4 Bg4
15. cxd5 Qxd5 16. Bb1 Rfe8 17. h3 Bh5 18. Qe2 Qe6 19. g4 Bg6 20. Nh4 Nd5 21.
Nxg6 hxg6 22. Bxe4 Qxe4 23. Bg3 Rac8 24. Qd2 b5 25. Rfd1 Rxc1 26. Rxc1 b4 27.
Kh2 Nc3 28. a3 a5 29. axb4 axb4 30. Rxc3 bxc3 31. Qxc3 Rd8 32. Qc1 g5 33. Qh1
Qc2 34. Qf3 Rd1 35. h4 gxh4 36. Bxh4 Qd3 37. Qc6 Kh7 38. Qf3 Qd6+ 39. Kg2 Qd5
40. Qxd5 Rxd5 41. Kf3 Kg6 42. Kg2 Ra5 43. Bd8 Rb5 44. Bc7 Kf6 45. Bd6 Ke6 46.
Bf4 Kd5 47. Kf3 Rb6 48. Bg5 Re6 49. Bd8 Kc4 50. Ba5 Kd3 51. Bd8 Rd6 52. Be7 Rd7
53. Bf8 g6 54. Bg7 Kd2 55. Bd4 Ke1 56. Bc3+ Kf1 57. Be5 Rd5 58. Bg3 Rb5 59. Bd6
Rb6 60. Be7 Kg1 61. Bh4 Kh2 62. Bg3+ Kh3 63. Kf4 Rb5 64. Kf3 Rb4 65. Bf4 Ra4 66.
g5 Kh4 67. e4 Ra3+ 68. Be3 Kh3 69. Kf4 Kg2 70. Bc5 Rh3 71. Be3 Rh4+ 72. Ke5 Kf3
73. Kf6 Kxe4 74. Kxf7 Kf5 75. Ke7 Re4+ 76. Kf7 Re5 77. Kg7 Re7+ 78. Kf8 Rxe3 79.
fxe3 Kxg5 80. Kf7 Kf5 81. e4+ Kxe4 82. Kxg6 1/2-1/2

[Event "42nd Olympiad 2016"]
[Site "Baku AZE"]
[Date "2016.09.09"]
[Round "7.31"]
[Board "2"]
[White "Mandizha, Farai"]
[Black "Macias Murillo, Bryan"]
[Result "1-0"]
[WhiteTitle "IM"]
[BlackTitle "IM"]
[WhiteElo "2363"]
[BlackElo "2276"]
[WhiteTeam "Zimbabwe"]
[BlackTeam "Ecuador"]
[WhiteFideId "11000430"]
[BlackFideId "3603296"]
[EventDate "2016.09.02"]

1. d4 c5 2. d5 Nf6 3. Nf3 b5 4. Bg5 d6 5. a4 b4 6. e3 g6 7. Bb5+ Nfd7 8. Nbd2
Bg7 9. Nc4 Qc7 10. a5 Ba6 11. Bxa6 Nxa6 12. O-O Nf6 13. Qd3 Qb7 14. e4 O-O 15.
Nfd2 Rad8 16. f4 Nb8 17. Rae1 Qa6 18. Qh3 Rfe8 19. Rf3 Nbd7 20. Qh4 Nf8 21. b3
Kh8 22. Ref1 Ng8 23. f5 Bd4+ 24. Be3 Bf6 25. Qh3 Kg7 26. g4 h6 27. fxg6 fxg6 28.
g5 hxg5 29. Bxg5 Nh7 30. Bxf6+ exf6 31. Rg3 Ne7 32. Nf3 Qc8 33. Qg2 Rg8 34. Kh1
Kh8 35. Nh4 g5 36. Nf5 Nxf5 37. Rxf5 Qd7 38. Rh3 Rg6 39. Qg4 Qe7 40. Kg1 Kg8 41.
Kf2 Nf8 42. Ke3 Qg7 43. Kd2 Qe7 44. Rhf3 Rh6 45. Qg3 Kg7 46. Ne3 Qxe4 47. R3f4
Qh1 48. Rf2 Nh7 49. R5f3 Qa1 50. Nf5+ Kg6 51. Nxh6 Kxh6 52. Qh3+ Kg7 53. Re3
Qd4+ 54. Ke2 Nf8 55. Re7+ Kg8 56. Qh6 Qg4+ 57. Ke1 Qg1+ 58. Rf1 1-0

[Event "42nd Olympiad 2016"]
[Site "Baku AZE"]
[Date "2016.09.09"]
[Round "7.31"]
[Board "3"]
[White "Pazos Gambarrotti, Plinio"]
[Black "Mushore, Emarald Takudzwa"]
[Result "1-0"]
[WhiteTitle "IM"]
[WhiteElo "2239"]
[BlackElo "2187"]
[WhiteTeam "Ecuador"]
[BlackTeam "Zimbabwe"]
[WhiteFideId "3600068"]
[BlackFideId "11309504"]
[EventDate "2016.09.02"]

1. d4 Nf6 2. Nf3 g6 3. b3 Bg7 4. Bb2 O-O 5. g3 b6 6. Bg2 Bb7 7. O-O d6 8. c4 Na6
9. d5 e5 10. dxe6 fxe6 11. Nc3 Qe7 12. Qd2 Nc5 13. Rad1 Nfe4 14. Nxe4 Nxe4 15.
Qc2 Bxb2 16. Qxb2 Qg7 17. Qxg7+ Kxg7 18. Ng5 Nxg5 19. Bxb7 Rab8 20. Bc6 Rf6 21.
f4 Nf7 22. e3 Nh6 23. Rd3 Nf5 24. Rfd1 Ne7 25. Bg2 Rf7 26. e4 Rbf8 27. Bh3 Kf6
28. e5+ dxe5 29. fxe5+ Kxe5 30. Re1+ Kf6 31. Bxe6 Rg7 32. Bh3 Rgf7 33. Be6 Rg7
34. Rf3+ Nf5 35. Bxf5 gxf5 36. Rxf5+ Kxf5 37. Rf1+ Ke4 38. Rxf8 Ke3 39. Kg2 Rd7
40. Rf3+ Ke4 41. g4 Rd2+ 42. Rf2 Rd3 43. Rf7 Rd2+ 44. Kg3 Rxa2 45. Rxh7 Ra3 46.
Re7+ Kd4 47. g5 Rxb3+ 48. Kg4 a5 49. g6 Rb1 50. g7 a4 51. Kf5 Rf1+ 52. Ke6 Rg1
53. Kf7 a3 54. Rxc7 a2 55. Ra7 Re1 1-0

[Event "42nd Olympiad 2016"]
[Site "Baku AZE"]
[Date "2016.09.09"]
[Round "7.31"]
[Board "4"]
[White "Chimbamu, Elisha"]
[Black "Saltos Velez, Adrian"]
[Result "1-0"]
[WhiteElo "2114"]
[BlackElo "2088"]
[WhiteTeam "Zimbabwe"]
[BlackTeam "Ecuador"]
[WhiteFideId "11000449"]
[BlackFideId "3604594"]
[EventDate "2016.09.02"]

1. e4 c5 2. Nf3 g6 3. d4 cxd4 4. Nxd4 Bg7 5. c4 Nc6 6. Be3 Nf6 7. Nc3 d6 8. Be2
O-O 9. O-O Bd7 10. f3 a6 11. Qd2 Nxd4 12. Bxd4 Bc6 13. b4 b6 14. Qe3 Nd7 15.
Bxg7 Kxg7 16. Qd4+ Kg8 17. f4 Qc7 18. Rfd1 a5 19. b5 Bb7 20. e5 Qc5 21. exd6 e6
22. Na4 Qxd4+ 23. Rxd4 Rac8 24. Rad1 f6 25. Nxb6 Nxb6 26. d7 Rcd8 27. c5 Nd5 28.
c6 Nc3 29. R1d2 e5 30. Rc4 Nxb5 31. cxb7 Rb8 32. Rc8 Nd4 33. fxe5 fxe5 34. Rb2
Kg7 35. Bf1 Ne6 36. Bc4 1-0

[Event "42nd Olympiad 2016"]
[Site "Baku AZE"]
[Date "2016.09.09"]
[Round "7.32"]
[Board "1"]
[White "Arenas, David"]
[Black "Kongsee, Uaychai"]
[Result "1-0"]
[WhiteTitle "IM"]
[BlackTitle "FM"]
[WhiteElo "2490"]
[BlackElo "2285"]
[WhiteTeam "Colombia"]
[BlackTeam "Thailand"]
[WhiteFideId "4403177"]
[BlackFideId "6200346"]
[EventDate "2016.09.02"]

1. e4 c5 2. Nf3 d6 3. d4 cxd4 4. Nxd4 Nf6 5. Nc3 a6 6. Bg5 e6 7. f4 h6 8. Bh4
Be7 9. Qf3 Nbd7 10. O-O-O Qc7 11. Be2 b5 12. Bxf6 Nxf6 13. e5 Bb7 14. Qg3 dxe5
15. fxe5 Nd5 16. Nxe6 fxe6 17. Qg6+ Kd7 18. Bg4 Qxe5 19. Nxd5 Qg5+ 20. Qxg5
Bxg5+ 21. Kb1 Kc6 22. Bxe6 Rhe8 23. Bg4 Rad8 24. Bf3 Rf8 25. h4 Rxf3 26. gxf3
Bxh4 27. Rxh4 Rxd5 28. Rg1 Rd6 29. f4 Bc8 30. Kc1 g6 31. Rxh6 Bf5 32. Rg5 Rf6
33. Rxf5 Rxf5 34. Rxg6+ Kd5 35. Rg5 Ke4 36. Rxf5 Kxf5 37. Kd2 Kxf4 38. Kc3 Ke3
39. a4 1-0

[Event "42nd Olympiad 2016"]
[Site "Baku AZE"]
[Date "2016.09.09"]
[Round "7.32"]
[Board "2"]
[White "Teerapabpaisit, Wisuwat"]
[Black "Escobar Forero, Alder"]
[Result "0-1"]
[WhiteTitle "FM"]
[BlackTitle "GM"]
[WhiteElo "2248"]
[BlackElo "2510"]
[WhiteTeam "Thailand"]
[BlackTeam "Colombia"]
[WhiteFideId "6200176"]
[BlackFideId "4400801"]
[EventDate "2016.09.02"]

1. e4 c5 2. Nf3 Nc6 3. d4 cxd4 4. Nxd4 Qb6 5. Nb3 Nf6 6. Nc3 e6 7. Be3 Qc7 8. f3
Bb4 9. a3 Bxc3+ 10. bxc3 d5 11. Bd3 dxe4 12. fxe4 Ne5 13. Bd2 Bd7 14. Qe2 Rd8
15. Nd4 Qc5 16. Nb3 Qb6 17. Rb1 O-O 18. Bf4 Qc7 19. Bd2 Ba4 20. Nd4 Qc5 21. Rb4
Bc6 22. Nf3 a5 23. Rb3 Qd6 24. Nxe5 Qxe5 25. O-O Nxe4 26. Bf4 Qd5 27. c4 Qd7 28.
Be5 f5 29. Qe1 Nc5 30. Rc3 Na4 31. Rb3 Nc5 32. Rc3 Qe7 33. Qe3 Rf7 34. Be2 Qf8
35. Bd4 Ne4 36. Rd3 f4 37. Qh3 Rxd4 38. Rxd4 Qc5 39. c3 e5 40. Qc8+ Rf8 41. Qe6+
Kh8 42. Bf3 Nxc3 43. Kh1 exd4 0-1

[Event "42nd Olympiad 2016"]
[Site "Baku AZE"]
[Date "2016.09.09"]
[Round "7.32"]
[Board "3"]
[White "Barrientos, Sergio E"]
[Black "Pitirotjirathon, Jirapak"]
[Result "1-0"]
[WhiteTitle "GM"]
[BlackTitle "FM"]
[WhiteElo "2465"]
[BlackElo "2205"]
[WhiteTeam "Colombia"]
[BlackTeam "Thailand"]
[WhiteFideId "4401824"]
[BlackFideId "6200206"]
[EventDate "2016.09.02"]

1. d4 d5 2. c4 c6 3. Nf3 Nf6 4. Nc3 e6 5. Bg5 dxc4 6. e4 b5 7. e5 h6 8. Bh4 g5
9. exf6 gxh4 10. Ne5 Qxf6 11. g3 Nd7 12. Qe2 Bb7 13. Bg2 Nxe5 14. dxe5 Qe7 15.
Rd1 Qc5 16. O-O Be7 17. Qh5 hxg3 18. hxg3 Rg8 19. Ne4 Qb6 20. Qxh6 Rd8 21. Rxd8+
Qxd8 22. Qh7 Kf8 23. Bf3 Qd3 24. Bh5 Rg7 25. Qh8+ Rg8 26. Qh6+ Ke8 27. Qf4 Rg7
28. Rd1 Qc2 29. Nf6+ Kf8 30. Qh6 1-0

[Event "42nd Olympiad 2016"]
[Site "Baku AZE"]
[Date "2016.09.09"]
[Round "7.32"]
[Board "4"]
[White "Sajjapornthep, Jarunpol"]
[Black "Valderrama Quiceno, Esteban Alb"]
[Result "0-1"]
[BlackTitle "FM"]
[WhiteElo "1909"]
[BlackElo "2427"]
[WhiteTeam "Thailand"]
[BlackTeam "Colombia"]
[WhiteFideId "6202101"]
[BlackFideId "4442024"]
[EventDate "2016.09.02"]

1. d4 Nf6 2. c4 e6 3. Nc3 Bb4 4. Nf3 c5 5. e3 O-O 6. Bd3 d5 7. O-O cxd4 8. exd4
dxc4 9. Bxc4 b6 10. a3 Bxc3 11. bxc3 Qc7 12. Qe2 Bb7 13. Ne5 Nc6 14. Ng4 Nxg4
15. Qxg4 Ne7 16. Bd3 Qxc3 17. Bh6 Ng6 18. Bxg6 hxg6 19. Rfc1 Qd3 20. Rd1 Qb5 21.
Bg5 Rfc8 22. Rdb1 Qd5 23. Rc1 a5 24. h4 b5 25. Rab1 Rxc1+ 26. Rxc1 b4 27. axb4
axb4 28. Rb1 Ra4 29. Bd2 b3 30. Bc3 Ra2 31. Rb2 Ra1+ 32. Kh2 Rc1 33. Bd2 Rc4 34.
Be3 Rc3 35. Qg3 Kh7 36. Qg5 f6 37. Qxd5 Bxd5 38. g4 Kg8 39. Kg3 Kf7 40. Kf4 Ke7
41. g5 Kd6 42. Kg4 Be4 43. h5 gxh5+ 44. Kxh5 Bc2 45. gxf6 gxf6 46. Kg4 Kd5 47.
Kf3 Kc4 48. Ke2 Rd3 49. Bd2 Rxd4 50. Ba5 Rd1 51. Bd2 Ra1 52. Ke3 Ra2 53. Bc1 Kc3 0-1

[Event "42nd Olympiad 2016"]
[Site "Baku AZE"]
[Date "2016.09.09"]
[Round "7.33"]
[Board "1"]
[White "Kasimdzhanov, Rustam"]
[Black "Ampie, Mauro"]
[Result "1-0"]
[WhiteTitle "GM"]
[BlackTitle "FM"]
[WhiteElo "2696"]
[BlackElo "2348"]
[WhiteTeam "Uzbekistan"]
[BlackTeam "Nicaragua"]
[WhiteFideId "14200244"]
[BlackFideId "6101623"]
[EventDate "2016.09.02"]

1. e4 c5 2. Nf3 e6 3. d4 cxd4 4. Nxd4 Nc6 5. Nc3 Qc7 6. Be3 a6 7. Qd2 Nf6 8. f4
b5 9. e5 b4 10. Ncb5 axb5 11. Nxb5 Qb8 12. exf6 gxf6 13. c4 bxc3 14. bxc3 Na7
15. Rb1 Nxb5 16. Bxb5 Qd6 17. a4 Rg8 18. Rd1 Qc7 19. O-O Bc5 20. Rf2 Ra7 21. Bd4
Ke7 22. Qe3 d6 23. Bxc5 Qxc5 24. Qxc5 dxc5 25. Rfd2 f5 26. Kf2 h5 27. h4 f6 28.
Rd6 e5 29. fxe5 fxe5 30. Rh6 Rg7 31. Rd5 e4 32. Re5+ Kd8 33. Rh8+ 1-0

[Event "42nd Olympiad 2016"]
[Site "Baku AZE"]
[Date "2016.09.09"]
[Round "7.33"]
[Board "2"]
[White "Pineda, Juan Jose"]
[Black "Vakhidov, Jahongir"]
[Result "0-1"]
[WhiteTitle "FM"]
[BlackTitle "GM"]
[WhiteElo "2175"]
[BlackElo "2583"]
[WhiteTeam "Nicaragua"]
[BlackTeam "Uzbekistan"]
[WhiteFideId "6100465"]
[BlackFideId "14201801"]
[EventDate "2016.09.02"]

1. e4 g6 2. d4 Bg7 3. Nf3 d6 4. Nc3 Bg4 5. Be3 Nc6 6. Be2 Nf6 7. Qd2 O-O 8. h3
Bxf3 9. Bxf3 e5 10. dxe5 Nxe5 11. Be2 Re8 12. O-O-O Ned7 13. f3 Nb6 14. g4 Qe7
15. Rhe1 Qe6 16. h4 h5 17. g5 Nfd7 18. Bd4 Bxd4 19. Qxd4 Ne5 20. f4 Nc6 21. Qf2
Nb4 22. Kb1 Na4 23. Nd5 Nxd5 24. exd5 Qe3 25. Qxe3 Rxe3 26. Bb5 Rxe1 27. Rxe1
Nb6 28. f5 gxf5 29. Bd3 f4 30. c4 Nd7 31. Rf1 Ne5 32. Be2 f3 33. Bxf3 Nxf3 34.
Rxf3 Re8 35. Rf4 Re2 36. Kc1 Kg7 37. a3 Rg2 38. b3 Rg4 0-1

[Event "42nd Olympiad 2016"]
[Site "Baku AZE"]
[Date "2016.09.09"]
[Round "7.33"]
[Board "3"]
[White "Filippov, Anton UZB"]
[Black "Ortiz, Marcos"]
[Result "1-0"]
[WhiteTitle "GM"]
[WhiteElo "2582"]
[BlackElo "2219"]
[WhiteTeam "Uzbekistan"]
[BlackTeam "Nicaragua"]
[WhiteFideId "14200988"]
[BlackFideId "6100678"]
[EventDate "2016.09.02"]

1. d4 Nf6 2. c4 g6 3. Nc3 Bg7 4. e4 d6 5. Bd3 Nc6 6. Nge2 e5 7. d5 Nd4 8. h3 c5
9. dxc6 bxc6 10. O-O Nd7 11. b4 O-O 12. Be3 f5 13. exf5 gxf5 14. f4 a5 15. b5 c5
16. fxe5 Nxe5 17. Nxd4 cxd4 18. Bxd4 Qh4 19. Bf2 Qg5 20. h4 Qh6 21. Be2 Bb7 22.
Nd5 f4 23. Bf3 Kh8 24. Rc1 Rf7 25. Re1 Rg8 26. Kf1 Bc8 27. b6 Nxf3 28. Qxf3 Be5
29. Rxe5 dxe5 30. Re1 Qc6 31. Qc3 Ba6 32. Qxe5+ Rfg7 33. Nxf4 Bxc4+ 34. Kg1 Bf7
35. Bd4 h6 36. Qxa5 1-0

[Event "42nd Olympiad 2016"]
[Site "Baku AZE"]
[Date "2016.09.09"]
[Round "7.33"]
[Board "4"]
[White "Bravo, William"]
[Black "Yakubboev, Nodirbek"]
[Result "0-1"]
[WhiteTitle "FM"]
[WhiteElo "2194"]
[BlackElo "2431"]
[WhiteTeam "Nicaragua"]
[BlackTeam "Uzbekistan"]
[WhiteFideId "6100406"]
[BlackFideId "14203987"]
[EventDate "2016.09.02"]

1. d4 f5 2. c4 Nf6 3. Nf3 g6 4. g3 Bg7 5. Bg2 O-O 6. O-O d6 7. Nc3 Qe8 8. Be3
Na6 9. d5 c5 10. dxc6 bxc6 11. Qa4 Rb8 12. Ng5 c5 13. Qxe8 Rxe8 14. Nb5 Bd7 15.
a4 Nb4 16. Bd2 a6 17. Nc7 Rec8 18. Bxb4 Rxc7 19. Bc3 h6 20. Nh3 Be6 21. Nf4 Bxc4
22. Nxg6 Ne4 23. Bxg7 Kxg7 24. Nh4 e6 25. g4 Kf6 26. gxf5 exf5 27. Rfd1 d5 28.
f3 Nd6 29. e4 Rxb2 30. exd5 Kg5 0-1

[Event "42nd Olympiad 2016"]
[Site "Baku AZE"]
[Date "2016.09.09"]
[Round "7.34"]
[Board "1"]
[White "Lodhi, Mahmood"]
[Black "Fier, Alexandr"]
[Result "1/2-1/2"]
[WhiteTitle "IM"]
[BlackTitle "GM"]
[WhiteElo "2334"]
[BlackElo "2634"]
[WhiteTeam "Pakistan"]
[BlackTeam "Brazil"]
[WhiteFideId "7800010"]
[BlackFideId "2107139"]
[EventDate "2016.09.02"]

1. d4 Nf6 2. Nf3 g6 3. g3 Bg7 4. Bg2 O-O 5. O-O d5 6. c4 dxc4 7. Na3 c3 8. bxc3
c5 9. Nc4 Nc6 10. Ba3 Nd5 11. Rc1 Nb6 12. Nce5 Nxe5 13. Nxe5 Bxe5 14. dxe5 Qc7
15. Qb3 Be6 16. c4 Qxe5 17. Bb2 Qc7 18. h4 f6 19. h5 Bf7 20. hxg6 hxg6 21. e4 e5
22. f4 Rae8 23. a4 Nd7 24. Qe3 Kg7 25. Rf2 Qc6 26. a5 Re7 27. Rd2 Rfe8 28. Bf3
Rh8 29. Rcd1 Bxc4 30. Bg4 f5 31. Bf3 fxe4 32. Bxe4 Qa4 33. Bc2 Qc6 34. Be4 Qa4
35. Rd6 Be6 36. Bf3 Kf7 37. Bxe5 Rhe8 38. Bc3 Bf5 39. Qd2 Re3 40. Qd5+ Be6 41.
Qxb7 Re7 42. Rxe6 R3xe6 43. Bg4 Re3 44. Qd5+ Kf8 45. Bxd7 Rxg3+ 46. Kh2 Qxd7 47.
Qxd7 Rxd7 48. Rxd7 Rxc3 49. Rxa7 Ra3 50. Kg2 c4 51. Kf2 c3 52. Ke2 Ra2+ 53. Kd3
c2 54. Kd2 Kg8 55. a6 Kh8 1/2-1/2

[Event "42nd Olympiad 2016"]
[Site "Baku AZE"]
[Date "2016.09.09"]
[Round "7.34"]
[Board "2"]
[White "Leitao, Rafael"]
[Black "Wahid, Hussain"]
[Result "1-0"]
[WhiteTitle "GM"]
[WhiteElo "2616"]
[BlackElo "2018"]
[WhiteTeam "Brazil"]
[BlackTeam "Pakistan"]
[WhiteFideId "2101246"]
[BlackFideId "7800509"]
[EventDate "2016.09.02"]

1. d4 Nf6 2. c4 e6 3. Nc3 Bb4 4. e3 O-O 5. Ne2 b6 6. a3 Bxc3+ 7. Nxc3 Bb7 8. Bd3
d5 9. O-O Nbd7 10. b4 c5 11. dxc5 bxc5 12. cxd5 cxb4 13. axb4 Ne5 14. Be2 exd5
15. Qb3 Qe7 16. Ba3 Rfc8 17. Rfc1 Nc4 18. Nxd5 Bxd5 19. Bxc4 Rxc4 20. Rxc4 Ne4
21. Rd1 Qf6 22. f3 Bxc4 23. Qxc4 Ng5 24. Qd5 Rb8 25. Bb2 Qe7 26. Qe5 Qxe5 27.
Bxe5 Ra8 28. Ra1 Ne6 29. b5 f6 30. Bg3 Nc5 31. b6 a5 32. Rc1 Nb7 33. Rc7 Rb8 34.
Rd7 Nc5 35. Rd5 Rxb6 36. Rxc5 Rb1+ 37. Kf2 Rb2+ 38. Kf1 a4 39. Ra5 Ra2 40. Ra7
a3 41. Be1 Ra1 42. e4 h5 43. f4 Kh7 44. Kf2 Kg8 45. Bc3 Ra2+ 46. Kf3 h4 47. h3
Kh8 48. e5 fxe5 49. fxe5 Kg8 50. e6 1-0

[Event "42nd Olympiad 2016"]
[Site "Baku AZE"]
[Date "2016.09.09"]
[Round "7.34"]
[Board "3"]
[White "Syed Ahmad, Ali"]
[Black "El Debs, Felipe de Cresce"]
[Result "0-1"]
[WhiteTitle "FM"]
[BlackTitle "GM"]
[WhiteElo "2343"]
[BlackElo "2523"]
[WhiteTeam "Pakistan"]
[BlackTeam "Brazil"]
[WhiteFideId "7801076"]
[BlackFideId "2106981"]
[EventDate "2016.09.02"]

1. e4 c5 2. Nf3 d6 3. d4 cxd4 4. Nxd4 Nf6 5. Nc3 Nc6 6. Be2 g6 7. Be3 Bg7 8. Qd2
O-O 9. f3 d5 10. Rd1 dxe4 11. Nxc6 Qxd2+ 12. Rxd2 bxc6 13. fxe4 Ng4 14. Bxg4
Bxg4 15. Na4 Rfb8 16. b3 Rb4 17. c4 Rxa4 18. bxa4 Bc3 19. Kf2 Bxd2 20. Bxd2 Rb8
21. Bc3 Kf8 22. Ke3 Be6 23. Rd1 Ke8 24. c5 Bxa2 25. Rd2 Rb3 26. Kd4 Ra3 27. a5
Ra4+ 28. Ke3 Bc4 29. Rb2 Bb5 30. g3 Rc4 31. Bd4 a6 32. e5 Kd7 33. h4 Ke6 34. Ke4
Ra4 35. Rb1 Ra3 36. Ra1 Rxg3 37. Rg1 Rh3 38. Bf2 Ra3 39. Bd4 Rxa5 40. Ra1 Rxa1
41. Bxa1 a5 42. Bb2 a4 0-1

[Event "42nd Olympiad 2016"]
[Site "Baku AZE"]
[Date "2016.09.09"]
[Round "7.35"]
[Board "1"]
[White "Aloma Vidal, Robert"]
[Black "Volodin, Aleksandr"]
[Result "1/2-1/2"]
[WhiteTitle "IM"]
[BlackTitle "GM"]
[WhiteElo "2482"]
[BlackElo "2473"]
[WhiteTeam "Andorra"]
[BlackTeam "Estonia"]
[WhiteFideId "2260409"]
[BlackFideId "4501950"]
[EventDate "2016.09.02"]

1. d4 Nf6 2. c4 e6 3. Nc3 d5 4. Bg5 Be7 5. e3 O-O 6. Rc1 c6 7. Nf3 h6 8. Bxf6
Bxf6 9. g4 g6 10. h4 Bg7 11. g5 h5 12. Ne5 c5 13. cxd5 exd5 14. Bg2 Nc6 15. Nxd5
cxd4 16. exd4 Nxe5 17. dxe5 Bxe5 18. O-O Be6 19. Rc2 Re8 20. f4 Bg7 21. Rd2 Qc8
22. Rc2 Qd8 23. Rd2 Qc8 24. Rc2 Qd8 25. Rd2 Qc8 26. Rc2 Qd8 1/2-1/2